| 000 | 00609nam a22001937a 4500 | ||
|---|---|---|---|
| 999 |
_c16353 _d16353 |
||
| 008 | 170314b xxu||||| |||| 00| 0 eng d | ||
| 020 | _a1844740192 | ||
| 040 |
_aKABU _cKABU |
||
| 050 |
_aBV639 _b.C44 2004 C.1 |
||
| 100 | _aChester, Tim | ||
| 245 |
_aGoods news to the poor _bSharing the gospel through social involvement _cby Tim Chester |
||
| 260 |
_aEngland _bInter- varsity press _c2004 |
||
| 300 | _a195 p. | ||
| 650 | _aChurch work with the poor | ||
| 650 | _aEvangelistic work | ||
| 650 | _aSocial gospel | ||
| 650 | _aMissions | ||
| 942 |
_2lcc _cBK _hBV639 .C44 2004 C.1 |
||